01755naa a2200253 a 450000100080000000500110000800800410001910000200006024501310008026000090021152009780022065300240119865300210122265300110124365300260125470000240128070000180130470000200132270000250134270000250136770000170139270000240140977300680143310663182009-09-15 2009 bl uuuu u00u1 u #d1 aROCHA, F. S. da aInvestiga????o de Campylobacter fetus e Tritrichomonas foetus na mucosa prepucial de touros da regi??o do M??dio Para??ba, RJ. c2009 aTrinta e nove touros provenientes de propriedades de pecu??ria leiteira (n=9) e de pecu??ria de corte (n=30), situadas na regi??o do M??dio Para??ba, Rio de Janeiro (RJ), foram investigados para a presen??a de Campylobacter fetus e Tritrichomonas foetus. Para a pesquisa de Campylobacter, amostras de esmegma foram coletadas e submetidas ?? t??cnica de cultivo e isolamento e amostras de lavado prepucial ao teste de Imunofluoresc??ncia Direta (IFD). Para a pesquisa de Tritrichomonas, foi utilizada a t??cnica de exame direto a partir de lavado prepucial. Foi observada a presen??a de C. fetus em 14 amostras (35,9 %), por meio da IFD, e o isolamento de C. fetus, subesp??cie venerealis, foi obtido a partir de quatro amostras (10,3%). T. foetus n??o foi identificado nas amostras investigadas. A alta freq????ncia de C. fetus observada nos animais investigados sugere a presen??a da campilobacteriose na regi??o do M??dio Para??ba, em rebanhos com problemas reprodutivos. aCampylobacter fetus aMucosa prepucial aTouros aTritrichomonas foetus1 aJESUS, V. .L. T. de1 aTORRES, H. M.1 aGOMES, M. J. P.1 aFIGUEIREDO, M. J. de1 aNASCIMENTO, E. R. do1 aFERREIRA, T.1 aAQUINO, M. H. C. de tCi??ncia Rural, Santa Mariagv.39, n.5, p.1586-1589, ago. 2009.